000 00440nam a2200157Ia 4500
008 240729s9999 xx 000 0 und d
022 _a1534-7362
245 0 _aJournal of Vision
260 _aUnited States
260 _bThe Association for Research in Vision and Ophthalmology
650 _a Ophthalmology
650 _aMedicine
856 _uhttps://doaj.org/toc/a790f53f963843f0b57525f9caae5d84
942 _2ddc
942 _cDOAJEJ
999 _c70576
_d70576
945 _a1
_bMadushi Gamage
_c1
_dMadushi Gamage